Normal view
MARC view
- Dr. Rafiq Muhammad Choudhry.
Entry Personal Name
001 - CONTROL NUMBER
- control field: 19815
003 - CONTROL NUMBER IDENTIFIER
- control field: NUST
005 - DATE AND TIME OF LATEST TRANSACTION
- control field: 20190901144402.0
008 - FIXED-LENGTH DATA ELEMENTS
- fixed length control field: 190901|| aca||aabn | a|a d
040 ## - CATALOGING SOURCE
- Original cataloging agency: NUST
- Transcribing agency: NUST
100 ## - HEADING--PERSONAL NAME
- Personal name: Dr. Rafiq Muhammad Choudhry.
670 ## - SOURCE DATA FOUND
- Source citation: Work cat.: (NUST): Kamran Ahsan, Gilani Syed 19814, Value Engineering in construction industry of Pakistan /, 2012.
